1990 1967 1564 1785 1822 1381 1623 1080 1394 1754 1872 1175 1310 1181 1435 1586 1480 1130 1906 1886 1444 1974 1228 1614 1979 1707 1697 1869 1847 1451 1149 1706 1588 1673 1752 1221 1825 1263 1248 1675 1244 1077 1263 1948 1997 1391 1435 1775 1934 1517 1006 1881 1934 1884 1021 1409 1940 1206 1432 1313 1553 1574 1802 1010 1798 1419 1267 1634 1444 1382 1075 1730 1277 1218 1090 1137 1235 1631 1061 1771 1169 1662 1490 1636 1814 1398 1810 1905 1064 1796 1654 1799 1645 1927 1069 1564 1888 1675 1523 BCNSPRNW ULIB Ver.6.0+V

เปลี่ยนเป็นภาษาไทย

Change to English
 แสดงรายละเอียดบรรณานุกรม
  กลับหน้าหลัก

Brief Record : Get Marc (ISO 2709) : E-mail record : QR code < ปิดหน้าต่าง
LEADER : 00000nam 2200000uu 4500
001    13399122801
003     ULIB
008    020711s2545 th a 000 0 tha d
020    974294821
060    WT166^bส111ก
110    กรมการแพทย์^bสถาบันเวชศาสตร์ผู้สูงอายุ
245    การออกกำลังกายทั่วไปเฉพาะโรค ผู้สูงอายุ /^cสถาบันเวชศาสตร์ผู้สูงอายุ
250    พิมพ์ครั้งที่ 1
260    นนทบุรี :^bสถาบันเวชศาสตร์ผู้สูงอายุ,^c2545
300    226 หน้า
650    ออกกำลังกาย
945    ^p0^l0^i12335
999    ^aกัณชพร
รายการนี้ยังไม่มีแท็ก
คุณยังไม่ได้ล็อกอิน คุณสามารถมีกิจกรรมร่วมกับเว็บไซต์ได้ แต่ต้องล็อกอินก่อน ::
  ล็อกอิน

รายการสื่อสารสนเทศ

ลำดับที่ ประเภท เลขเรียก/บาร์โค้ด สถานที่ สถานะ
1. วิทยาศาสตร์การแพทย์ และสุขภาพ
วิทยาศาสตร์การแพทย์ และสุขภาพ
WT166 ส111ก ฉ.1 
  Barcode: 12335
ห้องสมุดวิทยาเขตนครสวรรค์
►หนังสือทั่วไป:l:General Books
บนชั้น

รายการใกล้เคียง
    หัวเรื่อง [ออกกำลังกาย]

BibComment


ยังไม่เคยถูกคอมเมนท์

คอมเมนท์ทรัพยากรรายการนี้
  คอมเมนท์: การออกกำลังกายทั่..


 Copyright 2026. Bcnsprnw @Library